00707nam a2200193 a 450000100100000000500170001000800410002702000180006804000250008608200150011111000320012624000170015824501070017526000530028230000200033559000280035595201130038399900170049600004840120201002061127.0190222s2012 dr r 000 spa d a9789945470253 aDO-SdBNPbspacBNPHU axxxbR426L aRepública Dominicana9447 0a[Leyes etc.] 0aLey No. 198-11 :. :bque regula los matrimonios religiosos y sus efectos en la República Dominicana. aSanto Domingo :bJunta Central Electoral,c2012. a27 p. ;c25 cm. aInventariado, 2019 / DG 0010718PDaPDbPDcHDd2019-02-22iLF1l0oxxx R426Lp48401-10r2020-06-25w2020-06-25yLFPDZNo se presta c47889d47889